Eurovision 2017 Grand Final Scoreboard - Statistics

General Stats
  • This quiz has been taken 108 times
  • The average score is 21 of 26
Answer Stats
Place Country Points % Correct
1st Portugal 758
100%
2nd Bulgaria 615
96%
3rd Moldova 374
93%
4th Belgium 363
91%
25th Germany 6
88%
6th Italy 334
88%
5th Sweden 344
88%
26th Spain 5
87%
15th United Kingdom 111
84%
10th Norway 158
81%
24th Ukraine 36
81%
13th Croatia 128
80%
12th France 135
80%
21st Cyprus 68
79%
19th Greece 77
79%
7th Romania 282
77%
9th Australia 173
76%
14th Azerbaijan 120
76%
20th Denmark 77
76%
11th Netherlands 150
76%
8th Hungary 200
73%
23rd Israel 39
73%
18th Armenia 79
71%
16th Austria 93
71%
22nd Poland 64
71%
17th Belarus 83
65%
No matching quizzes found
Score Distribution
Percent of People with Each Score
Percentile by Number Answered
Your Score History
You have not taken this quiz